Kraje Europy które nie mają dostępu do morza - Statystyki

Ogólne statystyki
  • Ten quiz został rozwiązany 126 razy
    96 od ostatniego zresetowania
  • Średni wynik to 13 z 15
Statystyki odpowiedzi
Hint Odpowiedź % Poprawnych
# Czechy
98%
# Słowacja
94%
# Austria
93%
# Węgry
92%
# Serbia
87%
# Szwajcaria
86%
# Andora
85%
# Białoruś
84%
# Liechtenstein
84%
# Kosowo
83%
# Luksemburg
83%
# Mołdawia
83%
# Watykan
82%
# Macedonia Północna
79%
# San Marino
79%
Nie znaleziono quizów pasujących do podanych kryteriów
Rozkład punktacji
Procent ludzi z każdym wynikiem
Percentyl według liczby udzielonych odpowiedzi
Twoja historia wyników
Nie rozwiązałeś tego quizu od ostatniego zresetowania